00360nam a22001337a 4500003000400000020001800004082001800022100001900040245006700059250000600126260006500132300001000197650001900207OSt a9781133371816 a658.3bNEU/TH a Neukurug,E.D aTheory parctice and trends in human services :an introuduction a5 aUnited state of americabBrooks /Cole Cengage learningc2013 a386p. aHuman services